| 000 | 00961nam a2200229Ii 4500 | ||
|---|---|---|---|
| 003 | JO-AjNU | ||
| 008 | 230605s9999||||xx |||||||||||||| ||und|| | ||
| 017 | _a2021/3/1514 | ||
| 020 | _a978-9923-27-081-3 | ||
| 040 |
_aJO-AjNU _bara _erda _cJO-AjNU |
||
| 041 | _aara | ||
| 050 | 1 | 4 | _aHJ9741.2022 |
| 100 | 3 |
_aتاليف ارديني، طه احمد حسن؛ مراجعة قاسم محسن الحبيطي, _eauthor _963065 |
|
| 245 | 0 | 0 | _aالاطار المفاهيمي للمحاسبة الحكومية في ضوء(CF-IPSASB) |
| 250 | _aالطبعة الاولى | ||
| 264 | 3 | 1 | _aعمان: شركة الاكاديميون للنشر والتوزيع، 2022 |
| 300 |
_a259ص _bيحتوي على مراجع من ص241-259ص |
||
| 336 |
_atext _btxt _2rdacontent |
||
| 337 |
_aunmediated _bn _2rdamedia |
||
| 338 |
_avolume _bnc _2rdacarrier |
||
| 650 | 4 |
_aالمحاسبة-المؤسسات الحكومية-معايير المحاسبة الدولية _963066 |
|
| 999 |
_aA28587 _c32155 _d32155 |
||